У героев техники. Часть 2 (Запись № 13568873)
[ простой вид ]
| 000 -МАРКЕР | |
|---|---|
| контрольное поле | 01285nam2a2200277 4500 |
| 001 - ИДЕНТИФИКАТОР ЗАПИСИ | |
| контрольное поле | rc\2821306 |
| 005 - ИДЕНТИФИКАТОР ВЕРСИИ | |
| контрольное поле | 20260315044436.0 |
| 035 ## - ДРУГИЕ СИСТЕМНЫЕ НОМЕРА | |
| Идентификатор записи | (NLR Aleph) 006979723 |
| 100 ## - ДАННЫЕ ОБЩЕЙ ОБРАБОТКИ | |
| Данные общей обработки | 20110622d1927 u y0rusy50 ca |
| 101 1# - ЯЗЫК РЕСУРСА | |
| Язык текста, звукозаписи и т.д. | русский |
| Язык оригинала | немецкий |
| 102 ## - СТРАНА ПУБЛИКАЦИИ ИЛИ ПРОИЗВОДСТВА | |
| Страна публикации | Российская Федерация |
| 105 ## - ПОЛЕ КОДИРОВАННЫХ ДАННЫХ: ТЕКСТОВЫЕ МАТЕРИАЛЫ, МОНОГРАФИЧЕСКИЕ | |
| Кодированные данные о монографическом текстовом документе | a z ||||| |
| 200 0# - ЗАГЛАВИЕ И СВЕДЕНИЯ ОБ ОТВЕТСТВЕННОСТИ | |
| Основное заглавие | Часть 2 |
| 210 ## - ПУБЛИКАЦИЯ, РАСПРОСТРАНЕНИЕ И ДР. | |
| Дата издания, распространения и т.д. | 1927 |
| 215 ## - ФИЗИЧЕСКАЯ ХАРАКТЕРИСТИКА | |
| Специфическое обозначение материала и объем | 144 с. |
| Другие сведения о физической характеристике | ил., черт. |
| 300 ## - ОБЩИЕ ПРИМЕЧАНИЯ | |
| Текст примечания | На обороте тит. л.: "A. Bond. Bei den helden der technik" |
| 300 ## - ОБЩИЕ ПРИМЕЧАНИЯ | |
| Текст примечания | Обл.: С[ергей] Пожарский |
| 461 #0 - УРОВЕНЬ НАБОРА | |
| Встроенное поле | 001rc\2821304 |
| -- | 2000#$aУ героев техники$e[Повесть]$eС 65 рис. в тексте.$fА. Бонд$gПер. с нем. К. Михайловой$vЧасть 2 |
| -- | 700#1$aБонд$bА.Р.$gАлександр Руссель$f1876- |
| Системный номер (АБИС) связанной записи | 5519141 |
| Автор | Бонд, А.Р. (1876-) |
| Место публикации | Ленинград |
| Дата публикации | 1927 |
| Первые сведения об ответственности | А. Бонд |
| Имя издателя, распространителя и т.д. | изд-во "Книга" |
| Сведения, относящиеся к заглавию | [Повесть] : С 65 рис. в тексте. Часть 1- |
| Заглавие | У героев техники |
| Номер тома | Часть 2 |
| 702 #1 - ИМЯ ЛИЦА - ВТОРИЧНАЯ ОТВЕТСТВЕННОСТЬ | |
| Код отношения | Прочие |
| Графика поля | Кириллица |
| Материалы, к которым относится поле | rus |
| Начальный элемент ввода | Пожарский |
| Часть имени, кроме начального элемента ввода | С. М. |
| Даты | 1900-1970 |
| Расширение инициалов личного имени | Сергей Михайлович |
| Системный номер авторитетной/нормативной записи | 176742 |
| Идентификатор авторитетной/нормативной записи | RU\NLR\AUTH\770176793 |
| 801 #0 - ИСТОЧНИК ЗАПИСИ | |
| Страна | Российская Федерация |
| Организация | NLR |
| Правила каталогизации | psbo |
| 801 #1 - ИСТОЧНИК ЗАПИСИ | |
| Страна | Российская Федерация |
| Организация | ELAR |
| Источник данных | rusmarc |
| 852 ## - МЕСТОНАХОЖДЕНИЕ И ШИФР ХРАНЕНИЯ | |
| Идентификатор организации | NLR |
| Шифр хранения (Call Number) | 43/381(2) |
| 942 ## - ДОПОЛНИТЕЛЬНЫЕ ЭЛЕМЕНТЫ ЗАПИСИ (АБИС) | |
| Тип экземпляра АБИС | Неопределено |
| 980 ## - КОЛЛЕКЦИЯ | |
| Название коллекции | Национальная библиография |
Нет доступных экземпляров.